| 000 | 01386 a2200229 4500 | ||
|---|---|---|---|
| 001 | 39887 | ||
| 005 | 20260407155655.0 | ||
| 008 | 260407a1957 arg spa d | ||
| 003 | AR-UNSa-BCEJYS | ||
| 040 |
_aAR-UNSa-BCEJYS _bspa _cAR-UNSa-BCEJYS |
||
| 080 |
_a930.2 _xMetodología de la historia. Estudios basados en fuentes escritas, documentos, inscripciones |
||
| 245 | 1 | 0 | _aIntroducción al estudio de la historia |
| 250 | _a3a. ed | ||
| 264 | 1 |
_aBarcelona : _bBosch _c1957 |
|
| 300 |
_a626 p. _c22 cm. |
||
| 505 | _a1. Orientaciones generales para el estudio de la Historia - 2. Los fundamentos teoréticos de la Historia - 3. El suceder histórico en sus elementos - 4. Los fundamentos psíquicos de la investigación histórica - 5. La configuración y la división de la materia - 6. La división de la ciencia de la Historia según el modo de exposición - 7. Heurística (conocimiento general de las fuentes) - 8. El previo exámen critico de las fuentes (crítica externa) - 9. Las fuentes histórica mas importantes - 10. La determinación del hecho( crítica interna) - 11. Los medios estilísticos de expresión de la ciencia histórica - 12. Iniciación en el aprovechamiento de los medios auxiliares bibliográficos. | ||
| 041 | _aspa | ||
| 942 | _cBK | ||
| 590 | _aniveau_biblio:m niveau_hierar:0 | ||
| 100 | 1 | _aBauer, Wilhelm | |
| 700 | 1 | _aValdeavellano, Luis G de | |
| 999 |
_c3121 _d3121 |
||